000 00430nam a22001577a 4500
005 20251108171235.0
008 250721s1995 xx 000 0 ara d
082 1 4 _a616/نعم
100 1 _aنعمة، علي
245 1 0 _aأمراض القرن العشرين /
264 1 _aبيروت :
_bدار الصداقة العربية،
_c1995.
300 _a191ص
650 1 7 _aالأمراض
942 _2ddc
_cBK
999 _c60178
_d60178